Memorandum Németország és Nagy-Britannia 1892-1904 közötti kapcsolatait illetően (8326) Foreign Office, 1905. január 5. /
Elmentve itt :
| Szerző: | |
|---|---|
| További közreműködők: | |
| Dokumentumtípus: | Könyv része |
| Megjelent: |
2006
|
| Sorozat: | Documenta Historica
Németország és Nagy-Britannia diplomáciai kapcsolatai 1892-1904 között : a Tilley-memorandum, 1905. |
| Kulcsszavak: | Nemzetközi kapcsolatok története - angol-német - 1892-1904 |
| Tárgyszavak: | |
| Online Access: | http://acta.bibl.u-szeged.hu/10960 |
| LEADER | 00961naa a2200229 i 4500 | ||
|---|---|---|---|
| 001 | acta10960 | ||
| 005 | 20211214090814.0 | ||
| 008 | 161015s2006 hu o 0|| hun d | ||
| 022 | |a 1216-0954 | ||
| 040 | |a SZTE Egyetemi Kiadványok Repozitórium |b hun | ||
| 041 | |a hun | ||
| 100 | 1 | |a Tilley J. A. C. | |
| 245 | 1 | 0 | |a Memorandum Németország és Nagy-Britannia 1892-1904 közötti kapcsolatait illetően (8326) |h [elektronikus dokumentum] : |b Foreign Office, 1905. január 5. / |c Tilley J. A. C. |
| 260 | |c 2006 | ||
| 300 | |a 15-54 | ||
| 490 | 0 | |a Documenta Historica | |
| 490 | 0 | |a Németország és Nagy-Britannia diplomáciai kapcsolatai 1892-1904 között : a Tilley-memorandum, 1905. | |
| 650 | 4 | |a Bölcsészettudományok | |
| 650 | 4 | |a Történettudomány és régészet | |
| 695 | |a Nemzetközi kapcsolatok története - angol-német - 1892-1904 | ||
| 700 | 0 | 1 | |a Rostás Róbert |
| 856 | 4 | 0 | |u http://acta.bibl.u-szeged.hu/10960/1/doc_075_015-054.pdf |z Dokumentum-elérés |